00983cam a22002777i 4500001000500000005001700005020002700022020002700049020001800076040003500094050001300129082001000142100004000152245004600192300004600238505000600284520015500290521001800445521001800463650001200481650001000493906004500503942001500548999001500563952012700578179620231211152536.0 a9780593377642q(board) z9780593381168q(ebook) a9781526361004 aDLCbengerdacDLCdDLCdFISKH00aQ141.I33 a509.21 aIgnotofsky, Rachel,d1989-eauthor.10aWomen in science /cby Rachel Ignotofsky. a127 pages :bcolor illustrations ;c20 cm aU a"Inspire budding scientists with this new edition of the New York Times bestseller, created especially for younger readers!"--cProvided by publisher. a990 bLexile aU bRaz-Plus 2Science 2Women a7bcbccorignewd4eepcnf20gy-gencatlg 2ddccBKn0 c1796d1796 00102ddc40708NFICa001b001cTKSNFd2023-10-02l0oIGN 509.2 Q141.I33pFISTK05882r2023-10-02 08:56:51w2023-10-02yBK